00438nam a22001337a 450000500170000002000180001708200180003510000210005324500800007426000340015430000100018865000190019885600870021720260422144453.0 a9798893640564 a570.285 WHI/B aAlexis White Ed. aBioinformatics, genome analysis and systems biologybcomputational approach aUSAbCallisto referencec2025 a232p. aBioinformatics uhttps://www.amazon.in/Bioinformatics-Genome-Analysis-Systems-Biology/dp/B0FH662QFP